00697nam a2200193 a 4500001000200000003000400002005001700006008004100023020001800064040002800082082001600110100003900126245008900165260008100254300002100335500007100356700003700427700003900464 OSt20240302073953.0190405s2014 dr 000 m spa d z9789945420159 aDO-SdBNPbspacDO-SdBNP axxbJ61m2  aJiménez, Ramón Antonio d1962-13aLa música de la vida :bmedia antología personal /c Ramón Antonio Jiménez : aSan Francisco de Macorís , República Dominicana :bNote del Jaya, c2014 a389 p. ;c25 cm. aIncluye datos biográficos del autor en la solapa de la cubierta 1 aRosario Candelier, Bruno,d1941-1 aJiménez, Ramón Antonio,d1962-